000 00841nam a2200289Ia 4500
003 OSt
005 20221006144526.0
006 a|||||r|||| 00| 0
007 ta
008 221006b |||||||| |||| 00| 0 eng d
020 _a0354012223
_c185.85
020 _a9780354012225
024 _a11,887
037 _cTextual
040 _aEASL
_cEASL
_beng
041 _2eng
_aeng
082 _aV73:19(zP).N90, L8
100 _aDornan, Jr. James E. Ed.
_9652191
245 0 _aUnited States national security policy in the decade ahead
260 _aLondon
_bMacdonald and Jane's
_c1978
300 _a304p.
_ccm.
490 _v Oth
650 _a Gen
650 _aUnited States - National security policy
_9652192
942 _hV73:19(zP).N90, L8
_cTEXL
_2CC
999 _c1079973
_d1079973